000 00650cam a2200145 4500500
005 20260208002442.0
041 _afre
042 _adc
100 1 0 _aMasset, Claude
_eauthor
245 0 0 _aMathieu Hilgers , Une ethnographie à l’échelle de la ville. Urbanité, histoire et reconnaissance à Koudougou (Burkina Faso), Préf. de Pierre-Joseph Laurent. Paris, Karthala, 2009, 422 p., bibl., ill.,cartes (« Hommes et sociétés »)
260 _c2011.
500 _a53
786 0 _nL'Homme | 200 | 4 | 2011-11-01 | p. 227j-252j | 0439-4216
856 4 1 _uhttps://shs.cairn.info/revue-l-homme-2011-4-page-227j?lang=fr&redirect-ssocas=7080
999 _c1646437
_d1646437